00318nam a2200133Ia 4500003000400000008004100004082001500045100001900060245004400079250000800123260003700131300000800168650000800176OSt191201s2011 xx 000 0 und d a658.1bDAO aDAFT,Richard L 0aOrganizational Theory Change and Design a7th aN. DelhibCENGAGE Learningc2011 a510 aMBA